zpět

Detail výsledku týmu

Pod Věží, Pelhřimov

Datum a čas kvízu

32.5 Celkem bodů Celkový počet nahraných bodů na tomto kvízu bez doplňovacích otázek.
8. Pořadí na kvízu Konečné umístění týmu na tomto kvízu.

Zaznamenané odpovědi

# Otázka Odpověď Body Výsledky
1. Poradní výbor Rady Evropy vyzv... o slovenštinu 1
2. Vydavatelství Oxford Universit... C 1
3. Spousta z vás si jistě minulý... Bad Bunny 1
4. Která společnost vyhrála minul... Netflix 1
5. Finiš dostihu v Otaki na Novém... D) žokeje vyhodil ze sedla hlavou soupeřův kůň 0
6. Jak jinak začít toto téma, než... žlutý trpaslík 0
7. Další otázku věnujme Zemi. Jed... 6378 km 1
8. Nyní se podíváme na planety, c... Uran; Venuše 0
9. Na řadě je rychlost planet. Co... B 1
10. Přiřaďte názvy těchto čtyř pla... 1B; 2D; 3C; 4A 0